| 000 | 00541nam a2200181Ia 4500 | ||
|---|---|---|---|
| 008 | 100921s9999 xx 000 0 und d | ||
| 082 |
_b23599 _a820 थ 21 |
||
| 100 | _aHume David. | ||
| 245 | _aHuman Understanding. | ||
| 260 |
_bओपन कोर्ट प्रकाशन,चिकागो. _c1921 |
||
| 300 |
_a268 _b--- |
||
| 365 | _b0 | ||
| 520 | _aललित इंग्रजी. | ||
| 630 | _aHuman Understanding. | ||
| 650 | _aललित इंग्रजी. | ||
| 730 | _aHuman Understanding. | ||
| 942 | _cBOOK | ||
| 999 |
_c772712 _d772709 |
||